000 00663nam a2200205 a 4500
005 20210223131808.0
008 120809s2006 mx r 000 0 spa d
020 _a9707707402
035 _aUPN01000186047
049 _aCG
050 4 _aQB36 G2
_bS7.3
100 1 _aSteele, Philip,
_d1948-
_930682
245 1 0 _aGalileo :
_bel genio que se enfrentó a la inquisición /
_cPhilip Steele ; tr. Patricia Helena Hernández.
260 _aMéxico :
_bAltea,
_cc2006.
300 _a64 p. :
_bil. col.
440 0 _aAltea biografías
534 _pTítulo original:
_tGalileo: The genius who faced the inquisition
600 0 4 _aGALILEO,
_d1564-1642
905 _aLibro
999 _c158150
_d158150